大学改革 課題と争点

Đã lưu trong:
书目详细资料
格式: 图书
出版: 東洋経済新報社 2001
标签: 添加标签
没有标签, 成为第一个标记此记录!
Thư viện lưu trữ: Mạng thư viện Đại học Đà Nẵng
LEADER 00544nam a2200217 a 4500
001 000029829
003 14779
005 20171030145630.0
008 171030s2001
040 |a LTT 
082 0 |a 370.95  |b Da-I 
245 0 0 |a 大学改革 課題と争点  |c 青木昌彦、澤昭裕、大東道郎 
260 |b 東洋経済新報社  |c 2001 
500 |a SAIKA 
OWN |a LTT 
999 |a From the UDN01 
TYP |a Monograph 
TYP |a Printed language 
980 |a Mạng thư viện Đại học Đà Nẵng